[Event "DVM U20 2005"]
[Site "Berlin GER"]
[Date "2005.12.29"]
[Round "6"]
[White "Zaragatski, Ilja"]
[Black "Suchin, Dimitry"]
[Result "1/2-1/2"]
[Termination "normal"]
[Board "3.1"]
[WhiteElo "2376"]
[BlackElo "2276"]
[WhiteTeam "SG Bochum 31"]
[BlackTeam "SK König Tegel"]
[PlyCount "96"]
[WhiteFideId "4655192"]
[BlackFideId "4671015"]
[EventCountry "GER"]
[EventRounds "7"]
[EventType "team-swiss"]
[EventDate "2005.12.26"]

1. e4 e5 2. Nf3 Nc6 3. Bb5 a6 4. Ba4 Nf6 5. O-O Be7 6. Re1 b5 7. Bb3 d6 8. c3
O-O 9. d4 Bg4 10. d5 Na5 11. Bc2 c6 12. h3 Bh5 13. dxc6 Nxc6 14. Nbd2 Qc7 15.
Nf1 Rfe8 16. Ng3 Bg6 17. Nh4 Rad8 18. Ngf5 d5 19. Nxg6 hxg6 20. Nxe7+ Nxe7 21.
exd5 Nexd5 22. Qe2 Qc6 23. a3 Nf4 24. Qf1 a5 25. g3 N4d5 26. Bg5 Nb6 27. Bd3
Nc4 28. a4 Qd5 29. Bxc4 bxc4 30. Rad1 Qc5 31. Qe2 Rxd1 32. Rxd1 Qc6 33. Bxf6
gxf6 34. h4 Kg7 35. Ra1 Rb8 36. Kh2 Rb7 37. Kg1 Rd7 38. Rd1 Rb7 39. Ra1 Rb8 40.
Ra2 Rd8 41. Ra1 e4 42. Re1 f5 43. Qe3 Rd3 44. Qf4 Qc5 45. Re3 Rd2 46. h5 Rxb2
47. hxg6 fxg6 48. g4 Rb6 1/2-1/2

[Event "DVM U20 2005"]
[Site "Berlin GER"]
[Date "2005.12.29"]
[Round "6"]
[White "Bubolz, Konstantin"]
[Black "Zhang, Fan"]
[Result "0-1"]
[Termination "normal"]
[Board "3.2"]
[WhiteElo "2042"]
[BlackElo "2065"]
[WhiteTeam "SK König Tegel"]
[BlackTeam "SG Bochum 31"]
[PlyCount "138"]
[WhiteFideId "24610194"]
[BlackFideId "24609730"]
[EventCountry "GER"]
[EventRounds "7"]
[EventType "team-swiss"]
[EventDate "2005.12.26"]

1. d4 Nf6 2. c4 e6 3. Nc3 Bb4 4. e3 c5 5. Nge2 cxd4 6. exd4 d5 7. a3 Be7 8. c5
a5 9. Be3 O-O 10. b4 axb4 11. axb4 Rxa1 12. Qxa1 b6 13. g3 bxc5 14. bxc5 Ba6
15. Bg2 Bd3 16. O-O Nc6 17. Rd1 Bf5 18. Rd2 Qc8 19. Ra2 Nd7 20. Nb5 Bd3 21.
Nec3 Qb7 22. Na7 Bf6 23. Nxc6 Qxc6 24. Ra7 Nb8 25. Qa5 Rc8 26. Na4 Qe8 27. Qc3
Nc6 28. Nb6 Rd8 29. Rc7 Bb5 30. Qb2 Ne7 31. Bf4 Nf5 32. Be5 Bxe5 33. dxe5 Rb8
34. Rc8 Rxc8 35. Nxc8 Qxc8 36. Qxb5 Nd4 37. Qa4 Qxc5 38. Qa8+ Qf8 39. Qa4 Ne2+
40. Kf1 Nc3 41. Qa5 Qc8 42. Ke1 h6 43. Qb4 Na2 44. Qe7 Qc3+ 45. Kf1 {(=)} Qa1+
46. Ke2 Qxe5+ 47. Kf1 Qa1+ 48. Ke2 Qb2+ 49. Ke3 g6 50. Qd8+ Kg7 51. Bh3 Nc1 52.
Kf3 Qe2+ 53. Kg2 Nd3 54. Qb6 e5 55. Qe3 Qxe3 56. fxe3 f5 57. Kf3 Kf6 58. Bf1
Nc5 59. Bb5 g5 60. h3 d4 61. exd4 exd4 62. h4 gxh4 63. gxh4 Ke5 64. Bc4 Ne4 65.
Ba6 Nc5 66. Bc4 f4 67. Bb5 d3 68. Kg4 d2 69. Be2 Ne4 0-1

[Event "DVM U20 2005"]
[Site "Berlin GER"]
[Date "2005.12.29"]
[Round "6"]
[White "Pilat, Daniel"]
[Black "Jahnz, Fabian"]
[Result "1/2-1/2"]
[Termination "normal"]
[Board "3.3"]
[WhiteElo "2144"]
[BlackElo "2166"]
[WhiteTeam "SG Bochum 31"]
[BlackTeam "SK König Tegel"]
[PlyCount "76"]
[WhiteFideId "24602116"]
[BlackFideId "4653300"]
[EventCountry "GER"]
[EventRounds "7"]
[EventType "team-swiss"]
[EventDate "2005.12.26"]

1. e4 c5 2. Nc3 e6 3. f4 Nc6 4. Nf3 a6 5. g3 g6 6. Bg2 Bg7 7. O-O Nge7 8. d3
O-O 9. e5 d5 10. g4 f6 11. exf6 Bxf6 12. Qe1 Qd6 13. h3 Bd7 14. Kh1 Rae8 15.
Qg3 Bg7 16. Qh2 b5 17. a3 Nd4 18. Nxd4 cxd4 19. Ne2 Rc8 20. c3 Nc6 21. Qg1 dxc3
22. bxc3 d4 23. Bb2 dxc3 24. Bxc3 Bxc3 25. Nxc3 Qd4 26. Qxd4 Nxd4 27. Ne4 Kg7
28. Ra2 {(=)} Bc6 29. Ng5 Bxg2+ 30. Kxg2 h6 31. Ne4 Rc6 32. Rff2 Rfc8 33. Rfd2
a5 34. Kf2 Rc1 35. Ke3 {(=)} Nc2+ 36. Kf2 Nd4 37. Ke3 Nc2+ 38. Kf2 Nd4 1/2-1/2

[Event "DVM U20 2005"]
[Site "Berlin GER"]
[Date "2005.12.29"]
[Round "6"]
[White "Hertwig, Christopher"]
[Black "Mazarov, Jürgen"]
[Result "0-1"]
[Termination "normal"]
[Board "3.4"]
[WhiteElo "1939"]
[BlackElo "1999"]
[WhiteTeam "SK König Tegel"]
[BlackTeam "SG Bochum 31"]
[PlyCount "82"]
[WhiteFideId "24614700"]
[BlackFideId "24617768"]
[EventCountry "GER"]
[EventRounds "7"]
[EventType "team-swiss"]
[EventDate "2005.12.26"]

1. c4 e6 2. Nf3 d5 3. d4 Nf6 4. g3 dxc4 5. Bg2 c5 6. Ne5 cxd4 7. Qa4+ Nbd7 8.
Nd2 Be7 9. Ndxc4 O-O 10. Bd2 Nc5 11. Qc2 Nd5 12. Ba5 b6 13. Nc6 Qc7 14. Nxe7+
Qxe7 15. Bd2 Bb7 16. O-O Rac8 17. b4 Na6 18. Qb3 Naxb4 19. Bxb4 Qxb4 20. Qxb4
Nxb4 21. Nxb6 axb6 22. Bxb7 Rc2 23. Be4 Rfc8 24. a3 Na6 25. Rfd1 e5 26. Rab1
Nc5 27. Bf5 Rb8 28. Rb5 g6 29. Bh3 Ra2 30. Rdb1 Ra8 31. Rxb6 {(=)} R8xa3 32.
R6b5 Ra1 33. f3 Rxb1+ 34. Rxb1 Ra2 35. Kf1 Rc2 36. Rd1 Na4 37. Ke1 Nc3 38. Rd2
Rc1+ 39. Kf2 Nd1+ 40. Ke1 Ne3+ 41. Kf2 Rh1 0-1

[Event "DVM U20 2005"]
[Site "Berlin GER"]
[Date "2005.12.29"]
[Round "6"]
[White "Fuhrmann, Marc Andre"]
[Black "Kasper, Andreas"]
[Result "1-0"]
[Termination "normal"]
[Board "3.5"]
[WhiteElo "1993"]
[BlackElo "1879"]
[WhiteTeam "SG Bochum 31"]
[BlackTeam "SK König Tegel"]
[PlyCount "69"]
[WhiteFideId "4696980"]
[EventCountry "GER"]
[EventRounds "7"]
[EventType "team-swiss"]
[EventDate "2005.12.26"]

1. d4 Nf6 2. c4 g6 3. Nc3 Bg7 4. e4 d6 5. Nf3 O-O 6. Be2 Nbd7 7. O-O c5 8. d5
h6 9. Be3 Qa5 10. Ne1 Qb4 11. Nd3 Qb6 12. Rb1 Ne8 13. Qd2 Kh7 14. b4 Bxc3 15.
Qxc3 Qc7 16. bxc5 Nxc5 17. Nxc5 dxc5 18. Qd2 h5 19. f4 Nf6 20. Bf3 Bg4 21. e5
Bxf3 22. exf6 Be4 23. fxe7 Qxe7 24. Rbe1 Qd6 25. Qf2 Rfe8 26. Bxc5 Qa6 27. Qd4
f5 28. d6 Qxa2 29. Rf2 Qa4 30. d7 Red8 31. Rd2 b5 32. Be7 Qxc4 33. Qf6 Qg8 34.
Rc1 Bb7 35. Rc7 1-0

[Event "DVM U20 2005"]
[Site "Berlin GER"]
[Date "2005.12.29"]
[Round "6"]
[White "Rath, Oliver"]
[Black "Neftik, Ilja"]
[Result "1-0"]
[Termination "normal"]
[Board "3.6"]
[WhiteElo "1900"]
[BlackElo "1587"]
[WhiteTeam "SK König Tegel"]
[BlackTeam "SG Bochum 31"]
[PlyCount "124"]
[WhiteFideId "24610380"]
[EventCountry "GER"]
[EventRounds "7"]
[EventType "team-swiss"]
[EventDate "2005.12.26"]

1. d4 d5 2. c4 c6 3. Nc3 Nf6 4. Bg5 Bf5 5. e3 Nbd7 6. Nf3 h6 7. Bh4 e6 8. cxd5
exd5 9. Be2 Be7 10. O-O O-O 11. Rc1 Nh7 12. Bg3 Ndf6 13. Ne5 Nd7 14. Nd3 Ng5
15. f3 Re8 16. Bf2 Bd6 17. Re1 Qc7 18. f4 Ne4 19. Bf3 Nxc3 20. bxc3 Nf6 21. c4
Qa5 22. c5 Bf8 23. Re2 Ne4 24. Bxe4 Bxe4 25. Ne5 f6 26. Nf3 g5 27. fxg5 hxg5
28. Rb2 Re7 {(=)} 29. Nd2 Bg6 30. Nb3 Qc7 31. Qd2 Rh7 32. Bg3 Qc8 33. Na5 Be8
34. Qc2 Qe6 35. Qc3 Re7 36. Kf2 Qf5+ 37. Kg1 Qe6 38. Re1 Qc8 39. Rb3 f5 40.
Reb1 f4 41. exf4 gxf4 42. Bxf4 Bg6 43. Rf1 Be4 44. Bd6 Rg7 45. Bg3 b6 46. cxb6
axb6 47. Rxb6 c5 48. Rb5 c4 49. Rf2 Rga7 50. Be5 Qg4 51. Qd2 Qg6 52. Rf6 Qg4
53. h3 Qd7 54. Rb8 Rxb8 55. Bxb8 Qg7 56. Rxf8+ Kxf8 57. Bxa7 c3 58. Bc5+ Kg8
59. Qf2 c2 60. Nb3 Qg5 61. Qf8+ Kh7 62. Qe7+ Kg6 1-0

[Event "DVM U20 2005"]
[Site "Berlin GER"]
[Date "2005.12.29"]
[Round "6"]
[White "Hilverda, Alexander"]
[Black "Armbrust, Florian"]
[Result "0-1"]
[Termination "normal"]
[Board "4.1"]
[WhiteElo "2156"]
[BlackElo "2280"]
[WhiteTeam "Heeper SK von 73"]
[BlackTeam "TSV Schott Mainz"]
[PlyCount "112"]
[WhiteFideId "4695437"]
[BlackFideId "4691350"]
[EventCountry "GER"]
[EventRounds "7"]
[EventType "team-swiss"]
[EventDate "2005.12.26"]

1. e4 c5 2. Nf3 d6 3. d4 cxd4 4. Nxd4 Nf6 5. Nc3 Nc6 6. Be2 e5 7. Nb3 Be7 8.
O-O O-O 9. f4 a5 10. Be3 a4 11. Nd2 exf4 12. Bxf4 Qb6+ 13. Kh1 Qxb2 14. Nb5 Qb4
15. Rb1 Qc5 16. Nc4 Bg4 17. Bxg4 Qxc4 18. Nxd6 Bxd6 19. Bxd6 Nxg4 20. Qxg4 Rfd8
21. Rf6 Qd4 22. Rbf1 Rxd6 23. Rxf7 Rad8 24. Rxb7 Rg6 25. Qh4 Rf6 26. Rfb1 Qd1+
27. Qe1 Qxe1+ 28. Rxe1 Rf2 29. Rbb1 Rxc2 30. e5 Rxa2 31. e6 Re8 32. h3 Nd4 33.
Re4 Nxe6 34. Rbe1 Kf7 35. Rf1+ Ke7 36. Rfe1 Kd7 37. Rd1+ Kc6 38. Rde1 Kd5 39.
Re5+ Kd6 40. R5e3 Rd2 41. Re4 a3 42. Ra4 a2 43. Ra1 Ng5 44. R4xa2 Rxa2 45. Rxa2
Ne4 46. Kh2 h5 47. Ra6+ Ke7 48. Ra4 Kf7 49. Ra7+ Re7 50. Ra5 g6 51. Ra6 Kg7 52.
Ra5 h4 53. Ra4 g5 54. Ra6 Ng3 55. Ra5 Kh6 56. Ra1 Rf7 0-1

[Event "DVM U20 2005"]
[Site "Berlin GER"]
[Date "2005.12.29"]
[Round "6"]
[White "Lohr, Matthias"]
[Black "Dahmen, Christoph"]
[Result "1/2-1/2"]
[Termination "normal"]
[Board "4.2"]
[WhiteElo "2146"]
[BlackElo "2088"]
[WhiteTeam "TSV Schott Mainz"]
[BlackTeam "Heeper SK von 73"]
[PlyCount "105"]
[WhiteFideId "4692772"]
[BlackFideId "4692160"]
[EventCountry "GER"]
[EventRounds "7"]
[EventType "team-swiss"]
[EventDate "2005.12.26"]

1. e4 c5 2. Nf3 Nc6 3. c3 d5 4. exd5 Qxd5 5. d4 cxd4 6. cxd4 e5 7. Nc3 Bb4 8.
Bd2 Bxc3 9. Bxc3 e4 10. Ne5 Nxe5 11. dxe5 Ne7 12. Qa4+ Bd7 13. Qa3 Nc6 14. Rd1
Qe6 15. Qc5 Qe7 16. Qe3 Bf5 17. Qg3 O-O 18. Bc4 Rad8 19. Rd6 Rfe8 20. e6 fxe6
21. Bxe6+ Bxe6 22. Rxe6 Qf7 23. Rxe8+ Rxe8 24. O-O Re7 25. a3 Qd5 26. Qg4 h5
27. Qc8+ Kh7 28. Re1 Qg5 29. Qh3 Ne5 30. Bxe5 Qxe5 31. Qb3 Rd7 32. Qc2 Kh6 33.
h4 Re7 34. Re3 Qf4 35. Qd2 Kh7 36. Qd5 g6 37. g3 Qf6 38. Qd8 Kg7 39. Rc3 Rf7
40. Qd2 Re7 41. Rc8 Rf7 42. Re8 Re7 43. Rxe7+ Qxe7 44. Kf1 a6 45. Ke2 Qc5 46.
b4 Qb6 47. Qd7+ Kf6 48. Qe8 Qe6 49. Qf8+ Ke5 50. Qg7+ Kf5 51. Qf8+ Ke5 52. Qg7+
Kf5 53. Qf8+ 1/2-1/2

[Event "DVM U20 2005"]
[Site "Berlin GER"]
[Date "2005.12.29"]
[Round "6"]
[White "Beckmann, Emanuel"]
[Black "Kühner, Christian"]
[Result "0-1"]
[Termination "normal"]
[Board "4.3"]
[WhiteElo "1914"]
[BlackElo "2143"]
[WhiteTeam "Heeper SK von 73"]
[BlackTeam "TSV Schott Mainz"]
[PlyCount "86"]
[WhiteFideId "24608025"]
[BlackFideId "4679440"]
[EventCountry "GER"]
[EventRounds "7"]
[EventType "team-swiss"]
[EventDate "2005.12.26"]

1. e4 c5 2. Nf3 e6 3. d4 cxd4 4. Nxd4 a6 5. Nc3 Qc7 6. f3 Bc5 7. Nb3 Be7 8. Be3
d6 9. Qd2 Nf6 10. g4 b5 11. g5 Nfd7 12. Bg2 Ne5 13. O-O Nc4 14. Qe2 Bb7 15. f4
Nxe3 16. Qxe3 Nd7 17. Qh3 b4 18. Ne2 O-O 19. Nbd4 Rfe8 20. Qg4 Bf8 21. Rad1 e5
22. Nf5 exf4 {(=)} 23. Qxf4 Ne5 24. Ned4 Rad8 25. Ne3 Ng6 26. Qg4 Qa5 27. Nd5
Qxa2 28. Qh5 Ne5 29. Rf4 Bxd5 30. Rh4 h6 31. exd5 g6 32. Qe2 hxg5 33. Rh3 g4
34. Rb3 Nf3+ 35. Bxf3 Rxe2 36. Bxe2 Qa5 37. Nc6 Qc5+ 38. Kf1 Qxc2 39. Rxb4 Re8
40. Nd4 Qe4 41. Kg1 Qxd5 42. Bxa6 Bg7 43. Bc4 Bxd4+ 0-1

[Event "DVM U20 2005"]
[Site "Berlin GER"]
[Date "2005.12.29"]
[Round "6"]
[White "Fragin, Ilja"]
[Black "Ebert, Manuel"]
[Result "0-1"]
[Termination "normal"]
[Board "4.4"]
[WhiteElo "2042"]
[BlackElo "1999"]
[WhiteTeam "TSV Schott Mainz"]
[BlackTeam "Heeper SK von 73"]
[PlyCount "60"]
[WhiteFideId "24621170"]
[BlackFideId "24621102"]
[EventCountry "GER"]
[EventRounds "7"]
[EventType "team-swiss"]
[EventDate "2005.12.26"]

1. e4 c5 2. Nf3 e6 3. c3 Nf6 4. e5 Nd5 5. Bc4 Nb6 6. Bb3 Nc6 7. d4 cxd4 8. cxd4
Bb4+ 9. Bd2 Bxd2+ 10. Qxd2 d6 11. O-O O-O 12. Re1 d5 13. Nc3 Bd7 14. a3 a5 15.
Bc2 Ne7 16. Qd3 g6 17. Qd2 Kg7 18. b3 a4 19. bxa4 Nxa4 20. Nxa4 Bxa4 21. Bd3
Bc6 22. Reb1 Ra5 23. Rb4 Qc7 24. Qc3 Rfa8 25. Nd2 Qb8 26. Be2 Qa7 27. Nb1 Bd7
28. Rb2 Rc8 29. Qe3 Nf5 30. Qg5 Qxd4 0-1

[Event "DVM U20 2005"]
[Site "Berlin GER"]
[Date "2005.12.29"]
[Round "6"]
[White "Fox, Daniel"]
[Black "Katte, Isabel"]
[Result "1/2-1/2"]
[Termination "normal"]
[Board "4.5"]
[WhiteElo "2009"]
[BlackElo "1950"]
[WhiteTeam "Heeper SK von 73"]
[BlackTeam "TSV Schott Mainz"]
[PlyCount "71"]
[WhiteFideId "24623172"]
[BlackFideId "24612987"]
[EventCountry "GER"]
[EventRounds "7"]
[EventType "team-swiss"]
[EventDate "2005.12.26"]

1. e4 e5 2. Nf3 Nf6 3. d4 Nxe4 4. Bd3 d5 5. Nxe5 Nf6 6. O-O Bd6 7. Nc3 O-O 8.
Bg5 c6 9. Qf3 Be7 10. Rfe1 Nbd7 11. h3 Nxe5 12. Rxe5 Be6 13. Rae1 Nd7 14. Bxe7
Qxe7 15. R5e3 Qf6 {(=)} 16. Ne2 Qxf3 17. Rxf3 Nf6 18. Nf4 Bd7 19. Rfe3 Rfe8 20.
g4 Rxe3 21. Rxe3 Re8 22. Rxe8+ Nxe8 23. Nh5 g6 24. Ng3 Nc7 25. c3 Ne6 26. Ne2
Ng5 27. Kg2 f6 28. h4 Nf7 29. Kg3 Nd6 30. b3 Be6 31. Nf4 Bf7 32. f3 Kg7 33. Ng2
Be6 34. Nf4 Bf7 35. Ng2 Be6 36. Nf4 1/2-1/2

[Event "DVM U20 2005"]
[Site "Berlin GER"]
[Date "2005.12.29"]
[Round "6"]
[White "Khalat, David"]
[Black "Förster, Matthias"]
[Result "1-0"]
[Termination "normal"]
[Board "4.6"]
[WhiteElo "1640"]
[BlackElo "1669"]
[WhiteTeam "TSV Schott Mainz"]
[BlackTeam "Heeper SK von 73"]
[PlyCount "59"]
[EventCountry "GER"]
[EventRounds "7"]
[EventType "team-swiss"]
[EventDate "2005.12.26"]

1. e4 c5 2. Nc3 e6 3. g3 Nc6 4. Bg2 Nge7 5. d3 g6 6. f4 d6 7. Nf3 Bg7 8. O-O
O-O 9. Qd2 f5 10. b3 e5 11. fxe5 Nxe5 12. Nxe5 Bxe5 13. Bb2 Rb8 14. exf5 Bxf5
15. Nd1 Bxb2 16. Nxb2 b5 17. Rae1 Qd7 18. Rf2 Rbe8 19. Rfe2 Rf6 20. Bd5+ Kg7
21. Nd1 Bg4 22. Re3 Bxd1 23. Qxd1 Kf8 24. Qa1 Nxd5 25. Rxe8+ Kf7 26. c4 Ne7 27.
R1xe7+ Qxe7 28. Rxe7+ Kxe7 29. Qe1+ Re6 30. Qd2 1-0

[Event "DVM U20 2005"]
[Site "Berlin GER"]
[Date "2005.12.29"]
[Round "6"]
[White "Seiler, Sascha"]
[Black "Pilgram, Alexander"]
[Result "1-0"]
[Termination "normal"]
[Board "5.1"]
[WhiteElo "2043"]
[BlackElo "1922"]
[WhiteTeam "Heilbronner SV"]
[BlackTeam "SG Porz"]
[PlyCount "41"]
[WhiteFideId "24630594"]
[EventCountry "GER"]
[EventRounds "7"]
[EventType "team-swiss"]
[EventDate "2005.12.26"]

1. Nf3 c5 2. e3 g6 3. d4 cxd4 4. exd4 Bg7 5. Bd3 Nf6 6. O-O O-O 7. Bg5 Qb6 8.
Qc1 d6 9. Nbd2 h6 10. Nc4 Qc6 11. Bxh6 Bg4 12. Nh4 Qd5 13. Qg5 Qxd4 14. Bxg7
Kxg7 15. Ne3 Qe5 16. Nef5+ Kh8 17. Rae1 Qxb2 18. Nxe7 Nc6 19. Qh6+ Nh7 20.
Nhxg6+ fxg6 21. Nxg6+ 1-0

[Event "DVM U20 2005"]
[Site "Berlin GER"]
[Date "2005.12.29"]
[Round "6"]
[White "Geschnizjani, Ramin Tobias"]
[Black "Karmann, Alexander"]
[Result "0-1"]
[Termination "normal"]
[Board "5.3"]
[WhiteElo "1945"]
[BlackElo "1816"]
[WhiteTeam "Heilbronner SV"]
[BlackTeam "SG Porz"]
[PlyCount "62"]
[WhiteFideId "24633089"]
[BlackFideId "24629863"]
[EventCountry "GER"]
[EventRounds "7"]
[EventType "team-swiss"]
[EventDate "2005.12.26"]

1. e4 e5 2. Nf3 Nc6 3. Bb5 a6 4. Bxc6 dxc6 5. O-O Bg4 6. h3 Bxf3 7. Qxf3 Qf6 8.
Qxf6 Nxf6 9. d3 O-O-O 10. Be3 Bd6 11. Nd2 Nd7 12. d4 exd4 13. Bxd4 Be5 14. Bxe5
Nxe5 15. Rfd1 Rd4 16. c3 Rd7 17. Kf1 Rhd8 18. Ke2 Nd3 19. Nc4 Nf4+ 20. Kf3 Rxd1
21. Rxd1 Rxd1 22. Kxf4 b5 23. Ne5 Rd2 24. Ke3 Rxb2 25. Nxf7 Rxa2 26. e5 Kd7 27.
f4 Rxg2 28. Ke4 a5 29. f5 a4 30. e6+ Ke7 31. Ne5 Re2+ 0-1

[Event "DVM U20 2005"]
[Site "Berlin GER"]
[Date "2005.12.29"]
[Round "6"]
[White "Senay, Baris"]
[Black "Luo, Xinping"]
[Result "1/2-1/2"]
[Termination "normal"]
[Board "5.4"]
[WhiteElo "1852"]
[BlackElo "1824"]
[WhiteTeam "SG Porz"]
[BlackTeam "Heilbronner SV"]
[PlyCount "89"]
[WhiteFideId "24676020"]
[BlackFideId "4648951"]
[EventCountry "GER"]
[EventRounds "7"]
[EventType "team-swiss"]
[EventDate "2005.12.26"]

1. d4 Nf6 2. c4 g6 3. Nc3 d5 4. cxd5 Nxd5 5. e4 Nxc3 6. bxc3 Bg7 7. Bc4 c5 8.
Ne2 O-O 9. O-O Nc6 10. Be3 Qc7 11. Rc1 Rd8 12. Bf4 Qd7 13. dxc5 Na5 14. Qxd7
Bxd7 15. Bd5 e6 16. Bb3 Nxb3 17. axb3 e5 18. Be3 Bc6 19. Ng3 h5 20. Rfe1 Rd3
21. f3 Rad8 22. Nh1 Kf8 23. Nf2 R3d7 24. Red1 Ke7 25. c4 a5 26. Rxd7+ Bxd7 27.
Ra1 Ra8 28. Nd1 Bf8 29. Nc3 Ra6 30. Nd5+ Kd8 31. Bg5+ Kc8 32. Nb6+ Kc7 33. Be3
Kc6 34. Rd1 Be6 35. Na4 Be7 36. h3 Ra8 37. Kf2 Rf8 38. Ke2 f5 39. Bh6 Rg8 40.
Be3 Rf8 41. exf5 gxf5 42. Bd2 Bxc5 43. Bxa5 Ra8 44. Bc3 Bxc4+ 45. bxc4 1/2-1/2

[Event "DVM U20 2005"]
[Site "Berlin GER"]
[Date "2005.12.29"]
[Round "6"]
[White "Witte, Stefan"]
[Black "Guefen, Daniel"]
[Result "0-1"]
[Termination "normal"]
[Board "5.5"]
[WhiteElo "1981"]
[BlackElo "1740"]
[WhiteTeam "Heilbronner SV"]
[BlackTeam "SG Porz"]
[PlyCount "78"]
[EventCountry "GER"]
[EventRounds "7"]
[EventType "team-swiss"]
[EventDate "2005.12.26"]

1. e4 e6 2. d3 d5 3. Qe2 Nf6 4. e5 Nfd7 5. f4 c5 6. c3 Nc6 7. Nf3 b5 8. g3 Bb7
9. Bh3 d4 10. O-O Qc7 11. Re1 g6 12. Ng5 h6 13. Ne4 Be7 14. Na3 a6 15. Bd2
O-O-O 16. Nc2 g5 17. cxd4 gxf4 18. gxf4 Rdg8+ 19. Kh1 Nb6 20. dxc5 Na4 21. Bg2
Nxc5 22. Nxc5 Bxc5 23. Be4 Kb8 24. Rac1 Qd7 25. b4 Bb6 26. Be3 Nd4 27. Bxd4
Bxd4 28. Red1 Bb6 29. Na1 Qd4 30. Qe1 Qb2 31. Rc2 Qd4 32. Re2 Qd7 33. Rg2 Rxg2
34. Kxg2 Rg8+ 35. Kf3 Rg1 36. Qd2 Rxd1 37. Qxd1 Bxe4+ 38. Ke2 Bf5 39. Kf1 Qd4
0-1

[Event "DVM U20 2005"]
[Site "Berlin GER"]
[Date "2005.12.29"]
[Round "6"]
[White "Schehl, Michael"]
[Black "Becker, Johannes"]
[Result "1-0"]
[Termination "normal"]
[Board "5.6"]
[WhiteElo "1653"]
[BlackElo "1744"]
[WhiteTeam "SG Porz"]
[BlackTeam "Heilbronner SV"]
[PlyCount "49"]
[EventCountry "GER"]
[EventRounds "7"]
[EventType "team-swiss"]
[EventDate "2005.12.26"]

1. d4 Nf6 2. Nf3 c5 3. e3 e6 4. Bd3 b6 5. c3 Bb7 6. Nbd2 Nc6 7. O-O Be7 8. Re1
d6 9. e4 cxd4 10. Nxd4 Nd7 11. Qh5 g6 12. Qh3 Nce5 13. Bc2 h5 14. f4 Ng4 15.
Bd1 Bf6 16. Nc4 Bxd4+ 17. cxd4 Qc7 18. Bxg4 Qxc4 19. d5 Qd4+ 20. Be3 Qxb2 21.
dxe6 hxg4 22. exd7+ Kf8 23. Qxg4 Bxe4 24. Rad1 Bf5 25. Qf3 1-0

[Event "DVM U20 2005"]
[Site "Berlin GER"]
[Date "2005.12.29"]
[Round "6"]
[White "Stellwagen, Robin"]
[Black "Hörr, Matthias"]
[Result "1-0"]
[Termination "normal"]
[Board "6.1"]
[WhiteElo "2167"]
[BlackElo "2089"]
[WhiteTeam "Hamburger SK von 1830"]
[BlackTeam "SK König Plauen"]
[PlyCount "65"]
[WhiteFideId "24601918"]
[BlackFideId "4681398"]
[EventCountry "GER"]
[EventRounds "7"]
[EventType "team-swiss"]
[EventDate "2005.12.26"]

1. e4 d6 2. d4 Nf6 3. Nc3 g6 4. Bg5 c6 5. Qd2 b5 6. Bd3 Nbd7 7. f4 b4 8. Nce2
Qb6 9. Nf3 Bg7 10. c3 a5 11. e5 dxe5 12. fxe5 Nd5 13. c4 Nc7 14. Bh6 Bxh6 15.
Qxh6 Ne6 16. O-O Ba6 17. Kh1 O-O-O 18. b3 g5 19. Bf5 Nf4 20. Nxf4 gxf4 21. e6
fxe6 22. Bxe6 Kb8 23. Qxf4+ Qc7 24. Qg5 Nf6 25. Rfe1 h6 26. Qc5 Rd6 27. a3 Bb7
28. axb4 Nd7 29. Bxd7 Qxd7 30. bxa5 Rg8 31. a6 Qg4 32. Ra2 Bxa6 33. Rxe7 1-0

[Event "DVM U20 2005"]
[Site "Berlin GER"]
[Date "2005.12.29"]
[Round "6"]
[White "Pfeufer, Lion"]
[Black "Möller, Hendrik"]
[Result "1-0"]
[Termination "normal"]
[Board "6.2"]
[WhiteElo "2008"]
[BlackElo "2160"]
[WhiteTeam "SK König Plauen"]
[BlackTeam "Hamburger SK von 1830"]
[PlyCount "47"]
[WhiteFideId "4681444"]
[BlackFideId "24604917"]
[EventCountry "GER"]
[EventRounds "7"]
[EventType "team-swiss"]
[EventDate "2005.12.26"]

1. e4 e5 2. Nf3 Nc6 3. Bc4 Bc5 4. c3 Nf6 5. d4 exd4 6. cxd4 Bb4+ 7. Nc3 Nxe4 8.
O-O Bxc3 9. bxc3 d5 10. Ba3 dxc4 11. Re1 f5 12. Nd2 Kf7 13. Nxe4 fxe4 14. Rxe4
Qd5 15. Qf3+ Bf5 16. Rae1 Rad8 17. g4 Rhe8 18. gxf5 Rxe4 19. Rxe4 h6 20. Qg4
Kg8 21. Be7 Ra8 22. Re6 Nd8 23. Rg6 Qf7 24. Bf6 1-0

[Event "DVM U20 2005"]
[Site "Berlin GER"]
[Date "2005.12.29"]
[Round "6"]
[White "Schnock, Stefan"]
[Black "Lozovoy, Sergej"]
[Result "1-0"]
[Termination "normal"]
[Board "6.3"]
[WhiteElo "2030"]
[BlackElo "1976"]
[WhiteTeam "Hamburger SK von 1830"]
[BlackTeam "SK König Plauen"]
[PlyCount "45"]
[WhiteFideId "4696646"]
[EventCountry "GER"]
[EventRounds "7"]
[EventType "team-swiss"]
[EventDate "2005.12.26"]

1. e4 d5 2. exd5 Qxd5 3. Nc3 Qa5 4. d4 Nf6 5. Nf3 c6 6. Bc4 e6 7. O-O Be7 8.
Ne5 O-O 9. Qf3 Qd8 10. Bf4 Nd5 11. Nxd5 exd5 12. Bd3 Nd7 13. Nxd7 Bxd7 14. Rfe1
Be6 15. Re3 g6 16. Rae1 Bf6 17. Bc7 Qxc7 18. Qxf6 Qd8 19. Qf4 Rc8 20. h4 Kg7
21. h5 g5 22. Qe5+ Kh6 23. Rf3 1-0

[Event "DVM U20 2005"]
[Site "Berlin GER"]
[Date "2005.12.29"]
[Round "6"]
[White "Butzke, Daniel"]
[Black "Stejskal, Janina Maria"]
[Result "0-1"]
[Termination "normal"]
[Board "6.4"]
[WhiteElo "1999"]
[BlackElo "2045"]
[WhiteTeam "SK König Plauen"]
[BlackTeam "Hamburger SK von 1830"]
[PlyCount "30"]
[WhiteFideId "4690028"]
[BlackFideId "24601942"]
[EventCountry "GER"]
[EventRounds "7"]
[EventType "team-swiss"]
[EventDate "2005.12.26"]

1. e4 e5 2. Nf3 d6 3. d4 exd4 4. Nxd4 Nf6 5. Nc3 Be7 6. Bc4 O-O 7. f3 Nc6 8. a3
Nxd4 9. Qxd4 Be6 10. Be3 Nd7 11. O-O Bf6 12. e5 Nxe5 13. Qd1 Nxc4 14. Bd4 Nxb2
15. Bxf6 Qxf6 0-1

[Event "DVM U20 2005"]
[Site "Berlin GER"]
[Date "2005.12.29"]
[Round "6"]
[White "Salenko, Vadym"]
[Black "Titz, Johannes"]
[Result "1-0"]
[Termination "normal"]
[Board "6.5"]
[WhiteElo "2005"]
[BlackElo "1965"]
[WhiteTeam "Hamburger SK von 1830"]
[BlackTeam "SK König Plauen"]
[PlyCount "101"]
[WhiteFideId "14117320"]
[BlackFideId "24637165"]
[EventCountry "GER"]
[EventRounds "7"]
[EventType "team-swiss"]
[EventDate "2005.12.26"]

1. d4 f5 2. c4 Nf6 3. Nc3 g6 4. Nf3 Bg7 5. b3 O-O 6. Bb2 d6 7. e3 a5 8. Be2 Na6
9. O-O Bd7 10. a3 Re8 11. Qc2 e5 12. dxe5 dxe5 13. Rfd1 e4 14. Nd4 Qe7 15. Ndb5
Bxb5 16. cxb5 Nc5 17. Bc4+ Kh8 18. Nd5 Nxd5 19. Bxd5 Bxb2 20. Qxb2+ Qe5 21.
Qxe5+ Rxe5 22. Bc4 Nd3 23. a4 Rd8 24. Rac1 Re7 25. Bxd3 exd3 26. Rc3 Red7 27.
Kf1 Kg7 28. Ke1 f4 29. e4 Kf6 30. Kd2 Rd4 31. f3 R8d7 32. Rdc1 Rb4 33. Rb1 Rbd4
34. Rc5 Ke6 35. Rbc1 Kd6 36. R1c3 h6 37. h4 Rg7 38. R3c4 Rxc4 39. Rd5+ Ke6 40.
bxc4 g5 41. hxg5 hxg5 42. Kxd3 g4 43. Ke2 gxf3+ 44. Kxf3 Rg3+ 45. Kxf4 Rxg2 46.
Re5+ Kd7 47. Rg5 Ra2 48. Rg7+ Kd8 49. Kf5 Rxa4 50. Ke6 c6 51. b6 1-0